000 00437nam a2200193Ia 4500
005 20240823034936.0
008 240823s9999||||xx |||||||||||||| ||und||
020 _a978-81-291-2394-7
041 _aENGLISH
082 _A823.91 Q3
100 _aVikram Mathur
245 0 _aConfessions of a Private Tutor
250 _a1st
260 _c2013
_bRupa
500 _aYES
650 _aNovel
_bEnglish
942 _cBK
999 _c199498
_d199498